Le Nouveau savoir écrire : Guide pratique de correspondance
Voici le Nouveau Savoir - Écrire qui a étudié tous les cas, envisagé toutes les situations avec un modèle pour chacune: de l'invitaion à un mariage au Pacte Civil de Solidarité (PACS), des procédures notariales aux félicitations, des condoléances aux déclarations amoureuses, d'u...
Wedi'i Gadw mewn:
| Prif Awdur: | |
|---|---|
| Fformat: | Llyfr |
| Iaith: | Undetermined |
| Cyhoeddwyd: |
Paris
Sodar
2001
|
| Pynciau: | |
| Tagiau: |
Ychwanegu Tag
Dim Tagiau, Byddwch y cyntaf i dagio'r cofnod hwn!
|
| Thư viện lưu trữ: | Trung tâm Học liệu Trường Đại học Cần Thơ |
|---|
| LEADER | 01036nam a2200229Ia 4500 | ||
|---|---|---|---|
| 001 | CTU_133983 | ||
| 008 | 210402s9999 xx 000 0 und d | ||
| 020 | |c 419000 | ||
| 082 | |a 448.24 | ||
| 082 | |b J86 | ||
| 100 | |a Jouette, André | ||
| 245 | 0 | |a Le Nouveau savoir écrire : | |
| 245 | 0 | |b Guide pratique de correspondance | |
| 245 | 0 | |c André Jouette, Jean-Pierre Colignon | |
| 260 | |a Paris | ||
| 260 | |b Sodar | ||
| 260 | |c 2001 | ||
| 520 | |a Voici le Nouveau Savoir - Écrire qui a étudié tous les cas, envisagé toutes les situations avec un modèle pour chacune: de l'invitaion à un mariage au Pacte Civil de Solidarité (PACS), des procédures notariales aux félicitations, des condoléances aux déclarations amoureuses, d'une rédaction du testament au compliment chaleureux, de la missive à la pétition... | ||
| 650 | |a English language,English language,English language | ||
| 650 | |x Study and teaching,Writting | ||
| 904 | |i Giang | ||
| 980 | |a Trung tâm Học liệu Trường Đại học Cần Thơ | ||